Tolley's Inheritance Tax Planning 2011-2012 / (Record no. 5301)
[ view plain ]
| 000 -LEADER | |
|---|---|
| fixed length control field | 00780nam a22002537a 4500 |
| 003 - CONTROL NUMBER IDENTIFIER | |
| control field | OSt |
| 005 - DATE AND TIME OF LATEST TRANSACTION | |
| control field | 20171108195917.0 |
| 008 - FIXED-LENGTH DATA ELEMENTS--GENERAL INFORMATION | |
| fixed length control field | 130301t xxu||||| |||| 00| 0 eng d |
| 020 ## - INTERNATIONAL STANDARD BOOK NUMBER | |
| International Standard Book Number | 9-7807-5454-0496 |
| 040 ## - CATALOGING SOURCE | |
| Original cataloging agency | LDCLIB |
| Transcribing agency | LDCLIB |
| 082 ## - DEWEY DECIMAL CLASSIFICATION NUMBER | |
| Edition number | 22 |
| Classification number | 343.041053 |
| Item number | TOL |
| 245 ## - TITLE STATEMENT | |
| Title | Tolley's Inheritance Tax Planning 2011-2012 / |
| Statement of responsibility, etc | Micheal Waterworth …[et al] |
| 260 ## - PUBLICATION, DISTRIBUTION, ETC. (IMPRINT) | |
| Place of publication, distribution, etc | London : |
| Name of publisher, distributor, etc | Lexis Nexis, |
| Date of publication, distribution, etc | 2011. |
| 300 ## - PHYSICAL DESCRIPTION | |
| Extent | xxvii, 346 p. ; |
| Dimensions | 23 cm. |
| 500 ## - GENERAL NOTE | |
| General note | Includes Index |
| 650 ## - SUBJECT ADDED ENTRY--TOPICAL TERM | |
| Topical term or geographic name as entry element | Inheritance tax planning |
| 9 (RLIN) | 6996 |
| 650 ## - SUBJECT ADDED ENTRY--TOPICAL TERM | |
| Topical term or geographic name as entry element | Taxation |
| 9 (RLIN) | 6992 |
| 650 ## - SUBJECT ADDED ENTRY--TOPICAL TERM | |
| Topical term or geographic name as entry element | Tolley's Inheritance tax planning 2011-2012 |
| 9 (RLIN) | 6997 |
| 700 ## - ADDED ENTRY--PERSONAL NAME | |
| Personal name | Dew, Richard |
| 9 (RLIN) | 6703 |
| 700 ## - ADDED ENTRY--PERSONAL NAME | |
| Personal name | Waterworth, Michael. |
| 700 ## - ADDED ENTRY--PERSONAL NAME | |
| Personal name | Bedwort, Georgia |
| 9 (RLIN) | 6998 |
| 700 ## - ADDED ENTRY--PERSONAL NAME | |
| Personal name | Boutle, Toby |
| 9 (RLIN) | 6705 |
| 942 ## - ADDED ENTRY ELEMENTS (KOHA) | |
| Source of classification or shelving scheme | Dewey Decimal Classification |
| Koha item type | Books |
| Withdrawn status | Lost status | Source of classification or shelving scheme | Damaged status | Not for loan | Home library | Current library | Shelving location | Date acquired | Total Checkouts | Full call number | Barcode | Date last seen | Copy number | Price effective from | Koha item type | Public note |
|---|---|---|---|---|---|---|---|---|---|---|---|---|---|---|---|---|
| Dewey Decimal Classification | Law Development Centre Main Library | Law Development Centre Main Library | Text Books and Laws | 03/01/2013 | 343.041053 TOL | 4314/2013 | 03/01/2013 | 1 | 03/01/2013 | Books | Reserve | |||||
| Dewey Decimal Classification | Law Development Centre Main Library | Law Development Centre Main Library | Text Books and Laws | 03/01/2013 | 343.041053 TOL | 4315/2013 | 03/01/2013 | 2 | 03/01/2013 | Books | Reserve |
